000 00278nam a22001217a 4500
020 _a978 93 91934 46 0
082 _a811.214.21
_bRED
100 _aREDDY, Meda Mastan
245 _aSparsha (Hindi)
260 _c2022
_aHyderabad
_bGeeta Prakashan
300 _a198p.
942 _cBK
999 _c74968
_d74968